[Event "17. Open de Sants Hostafrancs 2015"]
[Site "Barcelona ESP"]
[Date "2015.08.21"]
[Round "1.1"]
[White "Najart, David"]
[Black "Cori, Jorge"]
[Result "0-1"]
[WhiteElo "2115"]
[BlackElo "2635"]
[PlyCount "68"]
[EventDate "2015.08.21"]
[EventType "swiss"]
[EventRounds "10"]
[EventCountry "ESP"]
[SourceTitle "Ajedrez en Madrid"]
[Source "lmi"]
[SourceDate "2015.08.21"]
[WhiteClock "0:31:34"]
[BlackClock "0:14:55"]

1. c4 c5 2. g3 g6 3. Bg2 Bg7 4. Nc3 Nc6 5. Nf3 d6 6. a3 e5 7. Rb1 Nge7 8. O-O
O-O 9. b4 f5 10. Ne1 e4 11. Nc2 Be6 12. Nd5 Nxd5 13. cxd5 Bxd5 14. bxc5 Rf7 15.
cxd6 Ba2 16. Rb2 Bxb2 17. Bxb2 Qxd6 18. Bc3 Bb3 19. Qb1 Bxc2 20. Qxc2 Nd4 21.
Qd1 Rd8 22. e3 Ne6 23. f3 exf3 24. Qxf3 Qxa3 25. Rb1 b6 26. Qc6 Qd6 27. Qc4 Rc7
28. Qb3 h5 29. Bb4 Qd7 30. d4 Kh7 31. Rf1 Re8 32. Qa3 Nxd4 33. exd4 Qxd4+ 34.
Kh1 Re3 0-1

[Event "17. Open de Sants Hostafrancs 2015"]
[Site "Barcelona ESP"]
[Date "2015.08.21"]
[Round "1.2"]
[White "Bachmann, Axel"]
[Black "Lochte, Thomas"]
[Result "1-0"]
[WhiteElo "2623"]
[BlackElo "2111"]
[PlyCount "51"]
[EventDate "2015.08.21"]
[EventType "swiss"]
[EventRounds "10"]
[EventCountry "ESP"]
[SourceTitle "Ajedrez en Madrid"]
[Source "lmi"]
[SourceDate "2015.08.21"]
[WhiteClock "1:16:52"]
[BlackClock "1:21:11"]

1. Nf3 c5 2. e4 Nc6 3. Bb5 Nd4 4. Nxd4 cxd4 5. O-O e6 6. d3 Qh4 7. Nd2 Nf6 8.
Nf3 Qh5 9. Nxd4 Qc5 10. Be3 e5 11. Ne6 Qb4 12. c3 Qd6 13. Nxf8 Rxf8 14. f4 a6
15. Ba4 b5 16. Bb3 Bb7 17. fxe5 Qxe5 18. Rf5 Qc7 19. a4 Ke7 20. Qf3 d6 21. axb5
axb5 22. Rf1 Bc8 23. Rxf6 gxf6 24. Qxf6+ Ke8 25. Bh6 Qa7+ 26. d4 1-0

[Event "17. Open de Sants Hostafrancs 2015"]
[Site "Barcelona ESP"]
[Date "2015.08.21"]
[Round "1.3"]
[White "Pozanco Romasanta, Marc"]
[Black "Potkin, Vladimir"]
[Result "0-1"]
[WhiteElo "2111"]
[BlackElo "2599"]
[PlyCount "78"]
[EventDate "2015.08.21"]
[EventType "swiss"]
[EventRounds "10"]
[EventCountry "ESP"]
[SourceTitle "Ajedrez en Madrid"]
[Source "lmi"]
[SourceDate "2015.08.21"]
[WhiteClock "0:04:25"]
[BlackClock "0:04:22"]

1. d4 Nf6 2. c4 e6 3. Nc3 Bb4 4. e3 O-O 5. Bd3 d5 6. Nf3 b6 7. cxd5 exd5 8. O-O
Bb7 9. Bd2 Re8 10. Ne2 Bd6 11. Ng3 Nbd7 12. b4 Ne4 13. Qb3 g6 14. Rfc1 Nxd2 15.
Nxd2 Qe7 16. b5 Nf6 17. a4 a5 18. Re1 h5 19. Ngf1 Rad8 20. Rad1 Kg7 21. f4 Bb4
22. Re2 Rc8 23. Rc1 c5 24. bxc6 Bxc6 25. Qa2 Bd7 26. Rxc8 Rxc8 27. Nf3 Rc3 28.
Ne5 Ra3 29. Qb1 Bxa4 30. Bxg6 fxg6 31. Qxg6+ Kf8 32. Ng3 Ra1+ 33. Kf2 Be8 34.
Qf5 h4 35. Ng4 Bd7 36. Qxf6+ Qxf6 37. Nxf6 hxg3+ 38. hxg3 Bb5 39. Rc2 Rf1# 0-1

[Event "17. Open de Sants Hostafrancs 2015"]
[Site "Barcelona ESP"]
[Date "2015.08.21"]
[Round "1.4"]
[White "Piorun, Kacper"]
[Black "Macaya Ruiz, Alfons"]
[Result "1-0"]
[WhiteElo "2592"]
[BlackElo "2107"]
[PlyCount "73"]
[EventDate "2015.08.21"]
[EventType "swiss"]
[EventRounds "10"]
[EventCountry "ESP"]
[SourceTitle "Ajedrez en Madrid"]
[Source "lmi"]
[SourceDate "2015.08.21"]
[WhiteClock "0:00:33"]
[BlackClock "0:12:27"]

1. e4 c5 2. Nf3 e6 3. g3 d5 4. exd5 Qxd5 5. Nc3 Qd8 6. Bg2 Nf6 7. O-O Nc6 8. d3
Be7 9. Nd2 Qd7 10. Nc4 O-O 11. Re1 Rd8 12. a4 Qe8 13. a5 Bd7 14. Bf4 Qf8 15.
Ne4 Nd5 16. Bd2 b5 17. axb6 axb6 18. Rxa8 Rxa8 19. Nc3 Nxc3 20. bxc3 Ra6 21.
Qb1 Qd8 22. Qb2 Bf6 23. Bf4 Nb4 24. Be5 Nd5 25. Bxf6 Qxf6 26. Ne5 Be8 27. Qb3
Qd8 28. c4 Ba4 29. Qb2 Nb4 30. c3 Nc2 31. Rb1 f6 32. Bb7 Ra7 33. Nc6 Bxc6 34.
Bxc6 Qxd3 35. Qxb6 Rf7 36. Ba4 Qxc3 37. Qxe6 1-0

[Event "17. Open de Sants Hostafrancs 2015"]
[Site "Barcelona ESP"]
[Date "2015.08.21"]
[Round "1.5"]
[White "Marches Rios, Joan Manuel"]
[Black "Vocaturo, Daniele"]
[Result "0-1"]
[WhiteElo "2107"]
[BlackElo "2578"]
[PlyCount "80"]
[EventDate "2015.08.21"]
[EventType "swiss"]
[EventRounds "10"]
[EventCountry "ESP"]
[SourceTitle "Ajedrez en Madrid"]
[Source "lmi"]
[SourceDate "2015.08.21"]
[WhiteClock "0:28:56"]
[BlackClock "0:01:43"]

1. d4 Nf6 2. Nf3 e6 3. c4 d5 4. Nc3 Bb4 5. e3 O-O 6. Bd3 c5 7. O-O Nc6 8. a3
Bxc3 9. bxc3 Qc7 10. Bb2 Re8 11. Rc1 dxc4 12. Bxc4 b6 13. Re1 e5 14. Ng5 Nd8
15. Bb5 Re7 16. f3 a6 17. Bd3 c4 18. Bb1 Bb7 19. e4 h6 20. Nh3 Ne6 21. Qe2 b5
22. Qf2 Rd8 23. d5 Nc5 24. Rcd1 Na4 25. Qc2 Nd7 26. Bc1 Qd6 27. f4 Ndc5 28. Be3
Nd3 29. fxe5 Rxe5 30. Rxd3 cxd3 31. Qxd3 Qxa3 32. Bd4 Rdxd5 33. Qg3 Rxd4 34.
cxd4 Qxg3 35. hxg3 Re8 36. Nf4 Nc3 37. e5 Rd8 38. e6 Nxb1 39. Rxb1 Rxd4 40.
exf7+ Kxf7 0-1

[Event "17. Open de Sants Hostafrancs 2015"]
[Site "Barcelona ESP"]
[Date "2015.08.21"]
[Round "1.6"]
[White "Dragun, Kamil"]
[Black "Garcia-Castany Musellas, Gal.L"]
[Result "1-0"]
[WhiteElo "2572"]
[BlackElo "2107"]
[PlyCount "81"]
[EventDate "2015.08.21"]
[EventType "swiss"]
[EventRounds "10"]
[EventCountry "ESP"]
[SourceTitle "Ajedrez en Madrid"]
[Source "lmi"]
[SourceDate "2015.08.21"]

1. d4 d5 2. c4 e6 3. Nc3 Bb4 4. Nf3 Nf6 5. e3 O-O 6. Bd3 b6 7. O-O Bb7 8. cxd5
exd5 9. a3 Bd6 10. b4 a6 11. Qb3 Ne4 12. Bb2 Nxc3 13. Qxc3 Nd7 14. Qc2 Nf6 15.
Ne5 h6 16. Rac1 Re8 17. f4 Ne4 18. Bxe4 dxe4 19. f5 f6 20. Qc4+ Kh7 21. Nf7 Bd5
22. Nxd8 Bxc4 23. Rxc4 b5 24. Rc6 Rexd8 25. Bc3 a5 26. Rc1 axb4 27. Bxb4 Ra4
28. Kf2 Bxb4 29. axb4 Rxb4 30. Rxc7 Rb2+ 31. R1c2 Rb4 32. Kg3 Rb3 33. Kf4 b4
34. Re7 Rc3 35. Rxc3 bxc3 36. Rc7 Re8 37. Rxc3 g5+ 38. fxg6+ Kxg6 39. g4 h5 40.
gxh5+ Kxh5 41. Kf5 1-0

[Event "17. Open de Sants Hostafrancs 2015"]
[Site "Barcelona ESP"]
[Date "2015.08.21"]
[Round "1.7"]
[White "Martinez Villar, Juan Antonio"]
[Black "Nijboer, Friso"]
[Result "1/2-1/2"]
[WhiteElo "2105"]
[BlackElo "2566"]
[PlyCount "65"]
[EventDate "2015.08.21"]
[EventType "swiss"]
[EventRounds "10"]
[EventCountry "ESP"]
[SourceTitle "Ajedrez en Madrid"]
[Source "lmi"]
[SourceDate "2015.08.21"]

1. e4 c5 2. c3 Nf6 3. e5 Nd5 4. d4 cxd4 5. Nf3 Nc6 6. cxd4 d6 7. Bc4 Nb6 8. Bb5
Bd7 9. Nc3 dxe5 10. Nxe5 Nxe5 11. dxe5 Bxb5 12. Nxb5 Qxd1+ 13. Kxd1 Nd5 14. Bd2
g6 15. Rc1 Kd7 16. Nc3 Nxc3+ 17. Bxc3 Bh6 18. Bd2 Bxd2 19. Kxd2 Rac8 20. Ke3
Ke6 21. f4 Rhd8 22. g4 Rxc1 23. Rxc1 Rd5 24. Rc7 Rb5 25. b3 Rb4 26. h3 h5 27.
Kf3 hxg4+ 28. hxg4 a5 29. Rc4 Rxc4 30. bxc4 Kd7 31. Ke4 Kc6 32. Kd4 a4 33. a3
1/2-1/2

[Event "17. Open de Sants Hostafrancs 2015"]
[Site "Barcelona ESP"]
[Date "2015.08.21"]
[Round "1.8"]
[White "Peralta, Fernando"]
[Black "Mayr, Florian"]
[Result "1-0"]
[WhiteElo "2564"]
[BlackElo "2105"]
[PlyCount "33"]
[EventDate "2015.08.21"]
[EventType "swiss"]
[EventRounds "10"]
[EventCountry "ESP"]
[SourceTitle "Ajedrez en Madrid"]
[Source "lmi"]
[SourceDate "2015.08.21"]

1. d4 e6 2. c4 b6 3. e4 Bb7 4. Bd3 g6 5. Ne2 Bg7 6. Nbc3 f5 7. exf5 exf5 8. O-O
Nf6 9. Be3 Ng4 10. Bf4 Nc6 11. Nb5 d6 12. h3 Nf6 13. d5 Ne5 14. Ned4 Nxd3 15.
Qxd3 Bc8 16. Nc6 Qd7 17. Rae1+ 1-0

[Event "17. Open de Sants Hostafrancs 2015"]
[Site "Barcelona ESP"]
[Date "2015.08.21"]
[Round "1.9"]
[White "Dominguez Rueda, Juan"]
[Black "Burmakin, Vladimir"]
[Result "0-1"]
[WhiteElo "2104"]
[BlackElo "2558"]
[PlyCount "64"]
[EventDate "2015.08.21"]
[EventType "swiss"]
[EventRounds "10"]
[EventCountry "ESP"]
[SourceTitle "Ajedrez en Madrid"]
[Source "lmi"]
[SourceDate "2015.08.21"]
[WhiteClock "0:45:30"]
[BlackClock "0:00:39"]

1. e4 c6 2. Nc3 d5 3. Nf3 g6 4. d4 Bg7 5. Be2 dxe4 6. Nxe4 Nd7 7. O-O Ngf6 8.
Nc3 O-O 9. Bg5 h6 10. Bf4 Nb6 11. Qd2 Kh7 12. Rad1 Be6 13. b3 Rc8 14. Qc1 Nbd5
15. Bd2 Qc7 16. Nxd5 cxd5 17. Bd3 Bf5 18. Bxf5 gxf5 19. Bb4 a5 20. Ba3 b5 21.
Ne1 Ne4 22. Qe3 Rg8 23. Rd3 Bf6 24. Qh3 e6 25. Bc1 Bg5 26. Bxg5 Rxg5 27. Qh4
Rcg8 28. f3 Nc3 29. Qf2 Nxa2 30. Qd2 b4 31. Rf2 Nc3 32. Re3 f4 0-1

[Event "17. Open de Sants Hostafrancs 2015"]
[Site "Barcelona ESP"]
[Date "2015.08.21"]
[Round "1.10"]
[White "Dvirnyy, Danyyil"]
[Black "Grollemund, Bertrand"]
[Result "1-0"]
[WhiteElo "2545"]
[BlackElo "2104"]
[PlyCount "55"]
[EventDate "2015.08.21"]
[EventType "swiss"]
[EventRounds "10"]
[EventCountry "ESP"]
[SourceTitle "Ajedrez en Madrid"]
[Source "lmi"]
[SourceDate "2015.08.21"]
[WhiteClock "0:01:13"]
[BlackClock "1:02:02"]

1. e4 g6 2. d4 Bg7 3. Nf3 d6 4. Bc4 Nf6 5. Qe2 O-O 6. O-O Nc6 7. Rd1 Nd7 8. c3
Nb6 9. Bb3 Bg4 10. h3 Bxf3 11. Qxf3 e6 12. a4 a5 13. Be3 d5 14. Nd2 h6 15. e5
f5 16. exf6 Rxf6 17. Qe2 Ne7 18. Nf3 Nd7 19. Bc2 c6 20. Nh2 Qf8 21. Bd2 e5 22.
dxe5 Re6 23. f4 Nf5 24. Nf3 Ree8 25. Nd4 Nxd4 26. cxd4 g5 27. Rf1 gxf4 28. Qd3
1-0

[Event "17. Open de Sants Hostafrancs 2015"]
[Site "Barcelona ESP"]
[Date "2015.08.21"]
[Round "1.11"]
[White "Boruchovsky, Avital"]
[Black "Gurrutxaga Telleria, Jose Luis"]
[Result "1-0"]
[WhiteElo "2540"]
[BlackElo "2102"]
[PlyCount "23"]
[EventDate "2015.08.21"]
[EventType "swiss"]
[EventRounds "10"]
[EventCountry "ESP"]
[SourceTitle "Ajedrez en Madrid"]
[Source "lmi"]
[SourceDate "2015.08.21"]
[WhiteClock "1:08:14"]
[BlackClock "1:15:30"]

1. e4 c5 2. c3 d5 3. exd5 Qxd5 4. d4 Nc6 5. Nf3 Bf5 6. Be3 Nf6 7. Na3 cxd4 8.
Bc4 Qd7 9. Nxd4 Nxd4 10. Bxd4 e5 11. Bb5 a6 12. Bc4 1-0

[Event "17. Open de Sants Hostafrancs 2015"]
[Site "Barcelona ESP"]
[Date "2015.08.21"]
[Round "1.13"]
[White "Aroshidze, Levan"]
[Black "Molano Lafuente, Ismael"]
[Result "1-0"]
[WhiteElo "2535"]
[BlackElo "2101"]
[PlyCount "41"]
[EventDate "2015.08.21"]
[EventType "swiss"]
[EventRounds "10"]
[EventCountry "ESP"]
[SourceTitle "Ajedrez en Madrid"]
[Source "lmi"]
[SourceDate "2015.08.21"]

1. e4 e5 2. Nf3 Nc6 3. Bb5 a6 4. Ba4 Nf6 5. O-O Be7 6. Re1 b5 7. Bb3 d6 8. c3
O-O 9. h3 Na5 10. Bc2 d5 11. d4 dxe4 12. Nxe5 Bb7 13. Nd2 Bd6 14. Qe2 Re8 15.
Nxe4 Bxe5 16. dxe5 Rxe5 17. Nxf6+ gxf6 18. Qg4+ Kh8 19. Rxe5 fxe5 20. Bg5 f6
21. Qf5 1-0

[Event "17. Open de Sants Hostafrancs 2015"]
[Site "Barcelona ESP"]
[Date "2015.08.21"]
[Round "1.14"]
[White "Valenti, Giuseppe"]
[Black "Libiszewski, Fabien"]
[Result "0-1"]
[WhiteElo "2095"]
[BlackElo "2533"]
[PlyCount "66"]
[EventDate "2015.08.21"]
[EventType "swiss"]
[EventRounds "10"]
[EventCountry "ESP"]
[SourceTitle "Ajedrez en Madrid"]
[Source "lmi"]
[SourceDate "2015.08.21"]
[WhiteClock "0:09:20"]
[BlackClock "0:17:08"]

1. b3 Nf6 2. Bb2 g6 3. Nf3 Bg7 4. d4 O-O 5. g3 c5 6. Bg2 cxd4 7. Nxd4 d5 8. e3
e5 9. Nf3 e4 10. Nd4 Nc6 11. h3 h5 12. Nd2 Re8 13. Nf1 Ne5 14. Qd2 Bd7 15. Nh2
Qc8 16. h4 Bh3 17. O-O Bxg2 18. Kxg2 Nfg4 19. Rab1 Nxh2 20. Kxh2 Qg4 21. Qd1
Rac8 22. Kg2 Nf3 23. Nxf3 exf3+ 24. Qxf3 Rxc2 25. Bxg7 Qxf3+ 26. Kxf3 Kxg7 27.
a4 Re5 28. Kg2 Rxe3 29. Rbd1 Re5 30. Rd3 Kf6 31. Rfd1 Ree2 32. Rf3+ Ke6 33. Rd4
Re4 0-1

[Event "17. Open de Sants Hostafrancs 2015"]
[Site "Barcelona ESP"]
[Date "2015.08.21"]
[Round "1.15"]
[White "Kanarek, Marcel"]
[Black "Porta Tovar, Guillem"]
[Result "1-0"]
[WhiteElo "2528"]
[BlackElo "2095"]
[PlyCount "67"]
[EventDate "2015.08.21"]
[EventType "swiss"]
[EventRounds "10"]
[EventCountry "ESP"]
[SourceTitle "Ajedrez en Madrid"]
[Source "lmi"]
[SourceDate "2015.08.21"]

1. e4 e5 2. Nf3 Nc6 3. Bb5 a6 4. Ba4 Nf6 5. O-O Be7 6. Re1 b5 7. Bb3 d6 8. c3
O-O 9. h3 Na5 10. Bc2 c5 11. d4 Qc7 12. Nbd2 Nc6 13. d5 Nd8 14. a4 b4 15. Nc4
Nb7 16. a5 Bd7 17. Be3 Bb5 18. Nfd2 Nxe4 19. Bxe4 f5 20. Bd3 f4 21. Qc2 h6 22.
Nb6 fxe3 23. Rxe3 Ra7 24. cxb4 Bg5 25. Rg3 Bf4 26. Rf3 Be8 27. Bh7+ Kh8 28. Bg6
Bxg6 29. Qxg6 Qe7 30. Ne4 cxb4 31. g3 Bg5 32. Nxg5 hxg5 33. Nc8 Qd8 34. Nxa7
1-0

[Event "17. Open de Sants Hostafrancs 2015"]
[Site "Barcelona ESP"]
[Date "2015.08.21"]
[Round "1.16"]
[White "Le Montagner, Yoann"]
[Black "Riff, Jean-Noel"]
[Result "0-1"]
[WhiteElo "2094"]
[BlackElo "2519"]
[PlyCount "55"]
[EventDate "2015.08.21"]
[EventType "swiss"]
[EventRounds "10"]
[EventCountry "ESP"]
[SourceTitle "Ajedrez en Madrid"]
[Source "lmi"]
[SourceDate "2015.08.21"]
[WhiteClock "1:26:30"]
[BlackClock "1:08:25"]

1. e4 c5 2. Nf3 Nc6 3. d4 cxd4 4. Nxd4 Nf6 5. Nc3 d6 6. Bg5 e6 7. Qd2 a6 8. f4
h6 9. Bxf6 Qxf6 10. Nf3 g5 11. fxg5 hxg5 12. Qxg5 Qxg5 13. Nxg5 Bh6 14. Nf3 b5
15. Nd2 Ne5 16. Be2 Bb7 17. a3 Ke7 18. O-O-O Rag8 19. g3 f5 20. Kb1 Bxd2 21.
Rxd2 fxe4 22. Rhd1 d5 23. Rg1 Rxh2 24. Rdd1 Nf3 25. Rh1 Rhh8 26. Rhf1 d4 27.
Bxf3 dxc3 28. Bg2 0-1

[Event "17. Open de Sants Hostafrancs 2015"]
[Site "Barcelona ESP"]
[Date "2015.08.21"]
[Round "1.17"]
[White "Blomqvist, Erik"]
[Black "Parals Marce, Luis"]
[Result "1-0"]
[WhiteElo "2508"]
[BlackElo "2093"]
[PlyCount "50"]
[EventDate "2015.08.21"]
[EventType "swiss"]
[EventRounds "10"]
[EventCountry "ESP"]
[SourceTitle "Ajedrez en Madrid"]
[Source "lmi"]
[SourceDate "2015.08.21"]

1. e4 c5 2. Nc3 Nc6 3. Bb5 Nd4 4. Nf3 a6 5. Bd3 d6 6. Nxd4 cxd4 7. Ne2 e5 8. c3
dxc3 9. dxc3 d5 10. exd5 Qxd5 11. O-O Bg4 12. Qc2 Nf6 13. Ng3 Rd8 14. Be2 Bxe2
15. Qxe2 Nd7 16. Be3 f6 17. Rad1 Qe6 18. Qf3 Qc6 19. Rd5 g6 20. Rfd1 Be7 21.
Nf5 Kf7 22. Nxe7 Kxe7 23. Qg4 b6 24. h3 Nc5 25. Rxe5+ Kf7 1-0

[Event "17. Open de Sants Hostafrancs 2015"]
[Site "Barcelona ESP"]
[Date "2015.08.21"]
[Round "1.18"]
[White "Roldan Marques, Daniel"]
[Black "Cuartas, Jaime Alexander"]
[Result "0-1"]
[WhiteElo "2093"]
[BlackElo "2503"]
[PlyCount "86"]
[EventDate "2015.08.21"]
[EventType "swiss"]
[EventRounds "10"]
[EventCountry "ESP"]
[SourceTitle "Ajedrez en Madrid"]
[Source "lmi"]
[SourceDate "2015.08.21"]

1. d4 d5 2. c4 c6 3. cxd5 cxd5 4. Bf4 Qb6 5. Nc3 Nf6 6. Qc2 Bd7 7. e3 Nc6 8.
Nf3 e6 9. h3 Rc8 10. Be2 Bb4 11. O-O Na5 12. Ne5 O-O 13. Nxd7 Nxd7 14. Qa4 Bxc3
15. bxc3 Nf6 16. Rfb1 Qd8 17. Bd6 Qxd6 18. Qxa5 Qb8 19. Qb4 Rc7 20. Ba6 Ne4 21.
c4 Qd8 22. Bxb7 Rxc4 23. Qe1 Rc2 24. f3 Qg5 25. g4 Nd2 26. Qf2 Nxb1 27. Qxc2
Qxe3+ 28. Qf2 Qd3 29. Ba6 Qd1+ 30. Kg2 Rb8 31. a4 Qb3 32. Qe2 Qb4 33. Qc2 g6
34. Bb5 Nc3 35. Qf2 a5 36. Bd3 Nxa4 37. Rb1 Nb2 38. f4 a4 39. f5 exf5 40. gxf5
a3 41. fxg6 hxg6 42. Rf1 Qe7 43. Bb1 Nc4 0-1

[Event "17. Open de Sants Hostafrancs 2015"]
[Site "Barcelona ESP"]
[Date "2015.08.21"]
[Round "1.19"]
[White "Bailet, Pierre"]
[Black "Blasco Coll, Andreu"]
[Result "1-0"]
[WhiteElo "2502"]
[BlackElo "2088"]
[PlyCount "71"]
[EventDate "2015.08.21"]
[EventType "swiss"]
[EventRounds "10"]
[EventCountry "ESP"]
[SourceTitle "Ajedrez en Madrid"]
[Source "lmi"]
[SourceDate "2015.08.21"]

1. d4 d5 2. c4 c6 3. Nf3 Nf6 4. Nc3 e6 5. Bg5 h6 6. Bxf6 Qxf6 7. e3 Nd7 8. Bd3
dxc4 9. Bxc4 Bd6 10. O-O Qe7 11. Qc2 O-O 12. Rad1 Nf6 13. Ne4 Nxe4 14. Qxe4 b5
15. Bd3 f5 16. Qh4 Qxh4 17. Nxh4 a6 18. e4 Kh7 19. Rfe1 g6 20. Rc1 Bd7 21. Nf3
Rfc8 22. exf5 exf5 23. Ne5 Be8 24. g4 fxg4 25. Nxg6 Kg7 26. Re6 Rd8 27. Nh4 Bf4
28. Rce1 Bf7 29. Rxc6 Bxa2 30. Re7+ Bf7 31. Rb7 Bg5 32. Rcc7 Bxh4 33. Rxf7+ Kg8
34. Rg7+ Kh8 35. Rh7+ Kg8 36. Rxh6 1-0

[Event "17. Open de Sants Hostafrancs 2015"]
[Site "Barcelona ESP"]
[Date "2015.08.21"]
[Round "1.20"]
[White "Del Amo Carbo, Jordi"]
[Black "Oliva Castaneda, Kevel"]
[Result "0-1"]
[WhiteElo "2088"]
[BlackElo "2488"]
[PlyCount "66"]
[EventDate "2015.08.21"]
[EventType "swiss"]
[EventRounds "10"]
[EventCountry "ESP"]
[SourceTitle "Ajedrez en Madrid"]
[Source "lmi"]
[SourceDate "2015.08.21"]

1. d4 d6 2. e4 g6 3. Nc3 Bg7 4. Nf3 a6 5. Be2 e6 6. O-O Ne7 7. Bg5 h6 8. Bh4
Nd7 9. Qd2 b6 10. Rad1 Bb7 11. d5 e5 12. Ne1 O-O 13. f3 f5 14. b4 g5 15. Bf2 f4
16. Nb1 Nf6 17. c4 g4 18. c5 h5 19. cxb6 cxb6 20. Nc3 Ng6 21. b5 g3 22. hxg3
fxg3 23. Bxg3 h4 24. bxa6 hxg3 25. axb7 Ra3 26. b8=Q Qxb8 27. Nb5 Nf4 28. Nd4
Bh6 29. Nf5 Nh3+ 30. gxh3 Bxd2 31. Rxd2 Nh5 32. Nd3 Qa7 33. f4 Rxa2 0-1

[Event "17. Open de Sants Hostafrancs 2015"]
[Site "Barcelona ESP"]
[Date "2015.08.21"]
[Round "1.22"]
[White "Soto Diaz, Jose Antonio"]
[Black "Ducarmon, Quinten"]
[Result "0-1"]
[WhiteElo "2086"]
[BlackElo "2475"]
[PlyCount "64"]
[EventDate "2015.08.21"]
[EventType "swiss"]
[EventRounds "10"]
[EventCountry "ESP"]
[SourceTitle "Ajedrez en Madrid"]
[Source "lmi"]
[SourceDate "2015.08.21"]

1. e4 c6 2. d3 d5 3. Nd2 e5 4. g3 Nf6 5. Ngf3 Bd6 6. Bg2 O-O 7. O-O Re8 8. c4
dxe4 9. Nxe4 Nxe4 10. dxe4 Bg4 11. h3 Bxf3 12. Qxf3 Bc5 13. Rb1 a5 14. Rd1 Qe7
15. h4 Na6 16. Bg5 Qe6 17. Bf1 h6 18. Bd2 Nb4 19. a3 Nc2 20. Qc3 Qf6 21. Kh2
Qxf2+ 22. Bg2 Nd4 23. Rf1 Qe2 24. Rbe1 Qh5 25. b4 axb4 26. axb4 Bd6 27. c5 Bc7
28. Be3 Ra2 29. Kg1 Ne2+ 30. Rxe2 Qxe2 31. Rf2 Qd1+ 32. Rf1 Qc2 0-1

[Event "17. Open de Sants Hostafrancs 2015"]
[Site "Barcelona ESP"]
[Date "2015.08.21"]
[Round "1.23"]
[White "Schroeder, Jan-Christian"]
[Black "Pitzanti, Matteo"]
[Result "1-0"]
[WhiteElo "2473"]
[BlackElo "2083"]
[PlyCount "83"]
[EventDate "2015.08.21"]
[EventType "swiss"]
[EventRounds "10"]
[EventCountry "ESP"]
[SourceTitle "Ajedrez en Madrid"]
[Source "lmi"]
[SourceDate "2015.08.21"]

1. d4 d5 2. Nf3 Nf6 3. c4 dxc4 4. e3 e6 5. Bxc4 a6 6. O-O b5 7. Bd3 Bb7 8. Qe2
Nbd7 9. a4 b4 10. e4 Be7 11. Nbd2 c5 12. e5 Nd5 13. Nb3 cxd4 14. Bd2 O-O 15.
Rfc1 Qb6 16. a5 Qa7 17. Rc4 Rfc8 18. Rxd4 Nc5 19. Nxc5 Rxc5 20. h4 Bc6 21. Ng5
Bxg5 22. hxg5 g6 23. Rh4 Qc7 24. Rc4 Bb7 25. b3 Nc3 26. Qe3 Rxc4 27. Bxc4 Nd5
28. Qe1 Qc6 29. Qe4 Qc5 30. Be3 Qe7 31. Bd2 Nc3 32. Qe1 Ne4 33. Rd1 Rd8 34. Be3
Nxg5 35. Rxd8+ Qxd8 36. Qd2 Qxd2 37. Bxd2 h6 38. Bxb4 Bd5 39. Bxa6 Bxb3 40. Bb7
Bc4 41. a6 Bxa6 42. Bxa6 1-0

[Event "17. Open de Sants Hostafrancs 2015"]
[Site "Barcelona ESP"]
[Date "2015.08.21"]
[Round "1.24"]
[White "Garofalo, Pietro"]
[Black "Andersen, Mads"]
[Result "1/2-1/2"]
[WhiteElo "2079"]
[BlackElo "2467"]
[PlyCount "161"]
[EventDate "2015.08.21"]
[EventType "swiss"]
[EventRounds "10"]
[EventCountry "ESP"]
[SourceTitle "Ajedrez en Madrid"]
[Source "lmi"]
[SourceDate "2015.08.21"]

1. b3 e5 2. Bb2 Nc6 3. e3 Nf6 4. Bb5 Bd6 5. Ne2 O-O 6. Bxc6 dxc6 7. d3 a5 8. a4
e4 9. d4 Nd5 10. Nd2 f5 11. g3 Be6 12. Nc4 Be7 13. Ba3 Nb4 14. Nf4 Bf7 15. h4
c5 16. c3 Nd5 17. Nxd5 Qxd5 18. Rb1 Rfd8 19. Ne5 Be8 20. f4 exf3 21. Qxf3 Qxf3
22. Nxf3 Bc6 23. Kf2 Be4 24. Rbc1 b6 25. Rhd1 Bf8 26. Bb2 Re8 27. c4 cxd4 28.
exd4 Bb7 29. Re1 h6 30. Rxe8 Rxe8 31. Re1 Rd8 32. d5 c6 33. Bd4 cxd5 34. Bxb6
Rc8 35. Nd2 Bb4 36. Re2 Ba6 37. Kf3 Rc6 38. Bd4 dxc4 39. bxc4 Bxc4 40. Nxc4
Rxc4 41. Bb6 Rc6 42. Bd8 Rd6 43. Bc7 Rd7 44. Bb6 Rd5 45. Bc7 Rd7 46. Bb6 Kf7
47. Re5 Kf6 48. Rb5 Rd3+ 49. Kg2 Be1 50. Bxa5 Bxg3 51. Rb6+ Kf7 52. h5 Be5 53.
Rb5 Kf6 54. Bb6 f4 55. a5 Ra3 56. Bc5 Ra4 57. Bf8 Bc7 58. Bxg7+ Kxg7 59. Rb7
Kf6 60. Rxc7 Kg5 61. Rg7+ Kxh5 62. Kf3 Kh4 63. Rg4+ Kh3 64. Rg6 h5 65. a6 Kh4
66. a7 Rxa7 67. Kxf4 Rf7+ 68. Ke3 Rf5 69. Ke4 Rf2 70. Ke3 Rf5 71. Ke4 Rf1 72.
Ke3 Kh3 73. Ke2 Rf4 74. Ke3 Rg4 75. Rh6 Kh4 76. Kf3 Rg5 77. Kf4 Rg1 78. Kf3 Rg8
79. Kf2 Kg4 80. Kg2 h4 81. Ra6 1/2-1/2

[Event "17. Open de Sants Hostafrancs 2015"]
[Site "Barcelona ESP"]
[Date "2015.08.21"]
[Round "1.25"]
[White "Bellia, Fabrizio"]
[Black "Jove Grau, Lluis"]
[Result "1-0"]
[WhiteElo "2461"]
[BlackElo "2075"]
[PlyCount "95"]
[EventDate "2015.08.21"]
[EventType "swiss"]
[EventRounds "10"]
[EventCountry "ESP"]
[SourceTitle "Ajedrez en Madrid"]
[Source "lmi"]
[SourceDate "2015.08.21"]

1. e4 c5 2. Nf3 Nc6 3. Bb5 e6 4. O-O Nge7 5. Re1 a6 6. Bf1 d5 7. Nc3 dxe4 8.
Nxe4 Nf5 9. d3 Be7 10. c3 b6 11. g3 O-O 12. a3 a5 13. a4 Ra7 14. Bf4 Ba6 15.
Qc2 Qd5 16. Rad1 e5 17. Bc1 f6 18. Bh3 Bc8 19. Bg2 Qf7 20. Ned2 Be6 21. Nc4 Nd6
22. Nfd2 Nxc4 23. Nxc4 Rc7 24. Nxb6 Bb3 25. Qxb3 Qxb3 26. Bd5+ Qxd5 27. Nxd5
Rb7 28. Nxe7+ Nxe7 29. d4 cxd4 30. cxd4 Nc6 31. dxe5 Nxe5 32. Kg2 Rc8 33. Re2
Rc4 34. f4 Nc6 35. Be3 Rxa4 36. Rc1 Ne7 37. Bc5 Kf7 38. b3 Rab4 39. Bxb4 axb4
40. Rd2 h5 41. Rc5 Kg6 42. Kf3 Rb6 43. Rd4 Nf5 44. Rdd5 Ne7 45. f5+ Kh7 46. Rd7
Nc6 47. Ke4 Ne5 48. Re7 1-0